Blueprint reading : (Record no. 180783)
[ view plain ]
| 000 -LEADER | |
|---|---|
| fixed length control field | 00829 a2200217 4500 |
| 003 - CONTROL NUMBER IDENTIFIER | |
| control field | Nust |
| 005 - DATE AND TIME OF LATEST TRANSACTION | |
| control field | 20170207153156.0 |
| 010 ## - LIBRARY OF CONGRESS CONTROL NUMBER | |
| LC control number | 83071977 |
| 020 ## - INTERNATIONAL STANDARD BOOK NUMBER | |
| International Standard Book Number | 0826915507 (pbk.) |
| 040 ## - CATALOGING SOURCE | |
| Transcribing agency | Nust |
| 082 00 - DEWEY DECIMAL CLASSIFICATION NUMBER | |
| Classification number | 621.31924 |
| 100 1# - MAIN ENTRY--PERSONAL NAME | |
| Personal name | Gebert, Kenneth L. |
| 245 10 - TITLE STATEMENT | |
| Title | Blueprint reading : |
| Remainder of title | based on the 1984 national electrical code / |
| Statement of responsibility, etc. | Kenneth L. Gebert. |
| 250 ## - EDITION STATEMENT | |
| Edition statement | 9th ed. |
| 260 ## - PUBLICATION, DISTRIBUTION, ETC. | |
| Place of publication, distribution, etc. | Alsip, Ill. : |
| Name of publisher, distributor, etc. | American Technical Publishers, |
| Date of publication, distribution, etc. | c1983. |
| 300 ## - PHYSICAL DESCRIPTION | |
| Extent | 192 p. : |
| Other physical details | ill. ; |
| Dimensions | 29 cm. |
| 505 ## - FORMATTED CONTENTS NOTE | |
| Formatted contents note | Single Family Dwellings (Page-1), Multi Family Dwellings (Page-43), Commercial Locations (Page-69), Industrial Locations (Page-103), Specialized and Hazardous Locations (Page-141), |
| 538 ## - SYSTEM DETAILS NOTE | |
| System details note | Almirah No.31 Shelf No.4 |
| 650 #0 - SUBJECT ADDED ENTRY--TOPICAL TERM | |
| Topical term or geographic name entry element | Electric wiring |
| General subdivision | Charts, diagrams, etc. |
| 650 #0 - SUBJECT ADDED ENTRY--TOPICAL TERM | |
| Topical term or geographic name entry element | Electric wiring |
| General subdivision | Insurance requirements. |
| 942 ## - ADDED ENTRY ELEMENTS (KOHA) | |
| Source of classification or shelving scheme | |
| Koha item type | Book |
| Withdrawn status | Lost status | Source of classification or shelving scheme | Damaged status | Not for loan | Permanent Location | Current Location | Shelving location | Date acquired | Full call number | Barcode | Date last seen | Price effective from | Koha item type | Public note | Collection code | Total Checkouts |
|---|---|---|---|---|---|---|---|---|---|---|---|---|---|---|---|---|
| Military College of Signals (MCS) | Military College of Signals (MCS) | General Stacks | 12/12/2016 | 621.3192,GEB | MCS5346 | 12/08/2016 | 12/12/2016 | Book | Almirah No.88, Shelf No.3 | |||||||
| Military College of Signals (MCS) | Military College of Signals (MCS) | 12/12/2016 | 621.3192 GEB | MCS5347 | 12/08/2016 | 12/12/2016 | Book |
